000 01003nam a22002175i 4500
001 165987
003 ES-MaACL
005 20251015063148.0
008 990125m18761894fr |||| | fre d
040 _aCCPB | B
_bspa
_cCCPB | B
080 _a94(44)"1789/99"
100 1 _aTaine, Hippolyte,
_d1828-1893
_9109085
245 1 4 _aLes origines de la France contemporaine /
_cpar H. Taine.
260 _aParis :
_bLibraire Hachette,
_c1876-1894.
300 _a6 v. ;
_c22 cm.
505 8 _a1. L'ancien régime.- 1876 -- 2. La Révolution (3 v.) (2.1. L'anarchie.- 1878) (2.2. La conquete jacobine .- 1881) (2.3. Le gouvernement révolutionnaire.- 1885) -- 3. Le régime moderne (2 v.).- 1891-1894
595 _aEl tomo 1º es de la 3ª edición.- El tomo 3º de la Revolution, Le gouvernement révolutionnaire es la 9ª edición.
651 4 _aFrancia-
_xHistoria-
_y1789-1799, Revolución
_9241176
852 _aES-MaACL
_jB-7187-92
_z-- Enc. pasta española
999 _c165987
_d165987